|
|
|
|
| LEADER |
00000nam a22000007a 4500 |
| 005 |
2014110702532.0 |
| 007 |
cr|||| |||| |
| 008 |
141107s2011 sp |||||s|||| 00||0 spa d |
| 035 |
|
|
|a 6532
|
| 040 |
|
|
|a vLex
|
| 090 |
|
|
|c 5281
|d 5281
|
| 100 |
1 |
|
|a Martn̕ez Atienza, Gorgonio
|
| 245 |
1 |
0 |
|a Tratamiento Jurd̕ico–Criminolg̤ico del Mobbing o Acoso Laboral
|h [Recurso electrn̤ico] /
|c Gorgonio Martn̕ez Atienza
|
| 256 |
|
|
|a Servicio en ln̕ea
|
| 260 |
|
|
|a Barcelona :
|b Editorial vLex,
|c 2011
|
| 300 |
|
|
|a 1 recurso electrn̤ico
|
| 506 |
1 |
|
|a Contenido disponible en los productos indicados
|d vLex Global
|d vLex Global (Academic Edition, excluding Law Schools)
|d vLex Global (U.S. Academic Edition, Law Schools)
|d vLex Global (U.S. Academic Edition, excluding Law Schools)
|d vLex Global (Academic Edition, Law Schools)
|
| 650 |
0 |
4 |
|a Acoso psicolg̤ico en el lugar de trabajo
|z Espaą
|
| 740 |
|
|
|a vLex Libros (Servicio en ln̕ea)
|
| 856 |
4 |
0 |
|u http://vlex.com/source/tratamiento-juridico-criminologico-mobbing-acoso-laboral-6532
|z Acceso restringido
|
| 942 |
|
|
|c BOOK
|
| 999 |
0 |
|
|a Bullying in the workplace
|